000
00262nam a2200109Ia 4500
008
190914s9999||||xx |||||||||||||| ||und||
100
_a
Khawja Amjad Saeed
245
0
_a
Economy Of Pakistan
260
_a
New York
_b
Viva Books
_c
2012
300
_a
467
942
_c
BK
999
_c
8883
_d
8883